[Event "Lübecker SV-Eintracht Berlin"]
[Site "Greifswald"]
[Date "2017.09.10"]
[Round "7.3"]
[White "Schulz, Jannis"]
[Black "Schnell, Fabian"]
[Result "1-0"]
[WhiteElo "1553"]
[BlackElo "1225"]
[PlyCount "85"]
[EventDate "2017.??.??"]
[WhiteTeam "Eintracht Berlin"]
[BlackTeam "Lübecker SV"]

1. d4 d5 2. e3 Nf6 3. Nf3 Bf5 4. Bd3 Bg6 5. c3 e6 6. Qe2 Bd6 7. Nbd2 O-O 8. O-O
c6 9. e4 dxe4 10. Nxe4 Nxe4 11. Bxe4 Bxe4 12. Qxe4 Nd7 13. Qd3 Nf6 14. Bg5 Re8
15. Rad1 h6 16. Be3 Qc7 17. h3 Rad8 18. Qc2 Nd5 19. Bd2 c5 20. dxc5 Qxc5 21. a3
Qc4 22. Rfe1 Rc8 23. Rc1 Be7 24. Ne5 Qc7 25. Nf3 Bf6 26. Qe4 Qc4 27. Ne5 Qb3
28. Qc2 Qb5 29. c4 Qb6 30. Qb1 Bxe5 31. cxd5 Bg3 32. Be3 Rxc1 33. Qxc1 Bxf2+
34. Bxf2 Qd6 35. dxe6 Rxe6 36. Qc8+ Kh7 37. Rxe6 fxe6 38. Qxb7 Qd1+ 39. Kh2 Qe2
40. Qxa7 e5 41. b4 Qd3 42. Qe3 Qd6 43. Bg3 1-0

[Event "Lübecker SV-Eintracht Berlin"]
[Site "Greifswald"]
[Date "2017.09.10"]
[Round "7.4"]
[White "Rasmussen, Luca-Tom"]
[Black "Schulz, Maximilian"]
[Result "0-1"]
[WhiteElo "1183"]
[BlackElo "1505"]
[PlyCount "150"]
[EventDate "2017.??.??"]
[WhiteTeam "Lübecker SV"]
[BlackTeam "Eintracht Berlin"]

1. b4 d5 2. Bb2 e6 3. Nf3 Nf6 4. b5 Bd6 5. e3 Nbd7 6. d4 O-O 7. Bd3 Qe7 8. O-O
b6 9. c4 Bb7 10. cxd5 Bxd5 11. Re1 Ne4 12. Nbd2 Ndf6 13. Qc2 Nxd2 14. Nxd2 Bb4
15. a3 Ba5 16. Bc3 Bxc3 17. Qxc3 Qd7 18. a4 Bb7 19. e4 Rfd8 20. Nf3 Rac8 21.
Rad1 c6 22. bxc6 Qxc6 23. Qxc6 Rxc6 24. Ra1 Rc3 25. Bb1 a5 26. h3 Rdc8 27. Ba2
Bxe4 28. Nd2 Bd5 29. Bxd5 Nxd5 30. Ne4 Rd3 31. Nd6 Rc6 32. Nb5 Nc7 33. Re4 Nxb5
34. axb5 Rc4 35. Rb1 Rcxd4 36. Ree1 g6 37. Kh2 Rd2 38. f3 Rc4 39. Kg1 Rcc2 40.
g3 Rg2+ 41. Kh1 Rxg3 42. Rec1 Rxh3+ 43. Kg1 Rxc1+ 44. Rxc1 Rxf3 45. Rc6 Rb3 46.
Rxb6 a4 47. Rb8+ Kg7 48. Ra8 Rxb5 49. Rxa4 Rb2 50. Re4 g5 51. Re3 Kg6 52. Rf3
f5 53. Re3 Kf6 54. Rh3 Kg6 55. Re3 Rb6 56. Kf2 h5 57. Kg2 g4 58. Kg3 Kg5 59.
Re1 f4+ 60. Kg2 Kf5 61. Kf2 e5 62. Kg2 h4 63. Kf2 Rb2+ 64. Kg1 f3 65. Kh1 g3
66. Rd1 Kf4 67. Ra1 Rh2+ 68. Kg1 f2+ 69. Kf1 Rh1+ 70. Kg2 Rxa1 71. Kh3 f1=B+
72. Kxh4 g2 73. Kh5 Bd3 74. Kh6 g1=Q 75. Kh5 Qg5# 0-1

[Event "Greifswalder SV-Makkabi Rostock"]
[Site "Greifswald"]
[Date "2017.09.10"]
[Round "7.1"]
[White "Schamber, Dennis"]
[Black "Troyke, Jannis"]
[Result "0-1"]
[WhiteElo "1696"]
[BlackElo "1870"]
[PlyCount "110"]
[EventDate "2017.??.??"]
[WhiteTeam "Makkabi Rostock"]
[BlackTeam "Greifswalder SV"]

1. d4 Nf6 2. c4 c5 3. d5 b5 4. Qc2 bxc4 5. e4 d6 6. Bxc4 g6 7. Ne2 Bg7 8. O-O
O-O 9. Nbc3 Ba6 10. Bxa6 Nxa6 11. a3 Nd7 12. Bf4 Rb8 13. Rab1 Ne5 14. Bxe5 Bxe5
15. f4 Bg7 16. f5 c4 17. fxg6 hxg6 18. b4 cxb3 19. Rxb3 Qa5 20. Rxb8 Rxb8 21.
Qc1 Qb6+ 22. Kh1 Qb2 23. Qf4 Rf8 24. Qe3 Qxa3 25. Qxa7 Bxc3 26. Nxc3 Qxc3 27.
Qxa6 Qe5 28. Qd3 Ra8 29. Qf3 f6 30. g4 Ra2 31. Qf4 Re2 32. Qxe5 fxe5 33. h3
Rxe4 34. Rd1 Kf7 35. Kg2 Rf4 36. Kg3 g5 37. h4 gxh4+ 38. Kxh4 Rd4 39. Rf1+ Kg6
40. Rf5 Rxd5 41. Rg5+ Kf6 42. Kh5 Rd1 43. Rg6+ Kf7 44. Kg5 e4 45. Rh6 e3 46.
Rh7+ Ke6 47. Rh2 Rd5+ 48. Kh6 Kf6 49. Re2 Rd2 50. g5+ Kf7 51. g6+ Kf6 52. g7
Rxe2 53. Kh7 Rh2+ 54. Kg8 Rg2 55. Kh8 Kf7 0-1

[Event "Greifswalder SV-Makkabi Rostock"]
[Site "Greifswald"]
[Date "2017.09.10"]
[Round "7.2"]
[White "Altenstein, Jonas"]
[Black "Petrow, Jonas"]
[Result "1/2-1/2"]
[WhiteElo "1392"]
[BlackElo "1647"]
[PlyCount "68"]
[EventDate "2017.??.??"]
[WhiteTeam "Greifswalder SV"]
[BlackTeam "Makkabi Rostock"]

1. e4 c5 2. c3 d5 3. exd5 Qxd5 4. d4 Nc6 5. Nf3 Bg4 6. Be2 e6 7. Be3 b6 8. O-O
Nf6 9. Nbd2 Be7 10. Nc4 O-O 11. Nce5 Nxe5 12. Nxe5 Bxe2 13. Qxe2 Nd7 14. Nxd7
Qxd7 15. dxc5 Bxc5 16. Bxc5 bxc5 17. Rfd1 Qc7 18. Rd3 Rfd8 19. Rad1 c4 20.
Rxd8+ Rxd8 21. Rxd8+ Qxd8 22. Qxc4 Qd1+ 23. Qf1 Qc2 24. Qa1 e5 25. h3 e4 26. b4
f5 27. a4 f4 28. a5 e3 29. fxe3 fxe3 30. Qe1 Qd2 31. Kf1 Qd3+ 32. Kg1 Qd2 33.
Kf1 Qd3+ 34. Kg1 Qd2 1/2-1/2

[Event "Greifswalder SV-Makkabi Rostock"]
[Site "Greifswald"]
[Date "2017.09.10"]
[Round "7.3"]
[White "Elsken Sicard, Fabian"]
[Black "Wucherer, Sophie"]
[Result "1-0"]
[WhiteElo "1326"]
[BlackElo "1288"]
[PlyCount "89"]
[EventDate "2017.??.??"]
[WhiteTeam "Makkabi Rostock"]
[BlackTeam "Greifswalder SV"]

1. d4 Nf6 2. c4 c5 3. e3 g6 4. Nc3 cxd4 5. exd4 Bg7 6. Nf3 d5 7. Be3 O-O 8. Bd3
Nc6 9. Qd2 Re8 10. O-O Be6 11. cxd5 Nxd5 12. a3 Nxe3 13. fxe3 Bd7 14. Ng5 f6
15. Bc4+ e6 16. Nge4 Rb8 17. b4 a6 18. Nc5 Qc8 19. N3e4 Qd8 20. Nd6 Re7 21.
Ndxb7 Qe8 22. Nxd7 Qxd7 23. Nc5 Qd6 24. Ne4 Qd7 25. Nxf6+ Bxf6 26. Rxf6 Kg7 27.
Raf1 Rc8 28. Qd3 Rb8 29. Bxa6 Ra8 30. Bb5 Qd5 31. Bc4 Qd7 32. Qe4 Rae8 33. d5
exd5 34. Qxd5 Qxd5 35. Bxd5 Nd8 36. e4 Kh6 37. Rf8 Re5 38. a4 Kg7 39. Rxe8 Rxe8
40. a5 Ne6 41. a6 Ng5 42. a7 Nxe4 43. Bxe4 h6 44. a8=Q Rxa8 45. Bxa8 1-0

[Event "Greifswalder SV-Makkabi Rostock"]
[Site "Greifswald"]
[Date "2017.09.10"]
[Round "7.4"]
[White "Kraffzig, Conrad"]
[Black "Tovmasyan, Minas"]
[Result "1-0"]
[WhiteElo "1151"]
[BlackElo "1313"]
[PlyCount "75"]
[EventDate "2017.??.??"]
[WhiteTeam "Greifswalder SV"]
[BlackTeam "Makkabi Rostock"]

1. e4 c5 2. c3 d5 3. exd5 Qxd5 4. d4 Nf6 5. h3 a6 6. Nf3 Nc6 7. Be3 e6 8. dxc5
Qxd1+ 9. Kxd1 Be7 10. Bd3 O-O 11. Ke2 Nd5 12. Nbd2 Nxe3 13. fxe3 Bxc5 14. Ne4
Ba7 15. Nd4 Bd7 16. h4 e5 17. Nf3 f5 18. Nd6 e4 19. Bc4+ Kh8 20. Ng5 g6 21. h5
h6 22. hxg6 Kg7 23. Ne6+ Bxe6 24. Bxe6 Kxg6 25. Raf1 Ne7 26. b3 Rf6 27. Bf7+
Kh7 28. Nxe4 Kg7 29. Nxf6 Kxf7 30. Ng4 Kg6 31. Ne5+ Kg5 32. Rhg1 Kf6 33. Nd3
Nd5 34. Rh1 Nxc3+ 35. Kf3 Kg6 36. Nf4+ Kf6 37. Rxh6+ Ke5 38. Re6# 1-0

[Event "Johanneum Eppendorf-SAV Torgelow"]
[Site "Greifswald"]
[Date "2017.09.10"]
[Round "7.1"]
[White "Beck, Jules"]
[Black "Keyser, Philipp"]
[Result "1-0"]
[WhiteElo "1483"]
[BlackElo "1968"]
[PlyCount "87"]
[EventDate "2017.??.??"]
[WhiteTeam "SAV Torgelow"]
[BlackTeam "Johanneum Eppendorf"]

1. e4 c5 2. f4 a6 3. Nc3 b5 4. Nf3 Bb7 5. d3 e6 6. Be2 b4 7. Nb1 d5 8. e5 Nc6
9. O-O Nh6 10. Nbd2 Nf5 11. Nb3 a5 12. Bd2 h5 13. Qe1 Be7 14. Qf2 Qb6 15. Kh1
h4 16. Rfd1 O-O-O 17. c3 f6 18. Rac1 Ng3+ 19. Kg1 Nxe2+ 20. Qxe2 fxe5 21. fxe5
g5 22. Nxg5 Bxg5 23. Bxg5 Rd7 24. d4 c4 25. Nc5 Nd8 26. Nxd7 Kxd7 27. Rf1 Kc8
28. Rf2 a4 29. Rcf1 a3 30. bxa3 bxc3 31. Qe3 Qa5 32. Rf8 Rxf8 33. Rxf8 Qxa3 34.
Rxd8+ Kc7 35. Rh8 Qb2 36. Qc1 Qxa2 37. Qxc3 Qb1+ 38. Kf2 Qf5+ 39. Kg1 Qxg5 40.
Qa5+ Kd7 41. Qb5+ Bc6 42. Rh7+ Ke8 43. Qb8+ Qd8 44. Rh8+ 1-0

[Event "Johanneum Eppendorf-SAV Torgelow"]
[Site "Greifswald"]
[Date "2017.09.10"]
[Round "7.2"]
[White "Keyser, Robin"]
[Black "Trömer, Axel"]
[Result "1-0"]
[WhiteElo "1972"]
[BlackElo "1433"]
[PlyCount "47"]
[EventDate "2017.??.??"]
[WhiteTeam "Johanneum Eppendorf"]
[BlackTeam "SAV Torgelow"]

1. c4 Nf6 2. Nf3 g6 3. g3 Bg7 4. Bg2 O-O 5. O-O d6 6. d4 Nbd7 7. Nc3 e5 8. e4
Nh5 9. h3 f5 10. exf5 gxf5 11. dxe5 dxe5 12. Ng5 Ndf6 13. Qb3 c6 14. c5+ Kh8
15. Nf7+ Rxf7 16. Qxf7 Bd7 17. Rd1 Qc8 18. Qc4 Be6 19. Qe2 Qc7 20. Bg5 Bf7 21.
Rd2 Nd7 22. Rad1 Be6 23. Qxh5 Nxc5 24. Rd8+ 1-0

[Event "Johanneum Eppendorf-SAV Torgelow"]
[Site "Greifswald"]
[Date "2017.09.10"]
[Round "7.3"]
[White "Wolfgramm, Egon"]
[Black "Liebert, Marcel"]
[Result "0-1"]
[WhiteElo "1239"]
[BlackElo "1257"]
[PlyCount "56"]
[EventDate "2017.??.??"]
[WhiteTeam "SAV Torgelow"]
[BlackTeam "Johanneum Eppendorf"]

1. d4 Nf6 2. Nf3 e6 3. Bf4 c5 4. e3 Qb6 5. b3 Nc6 6. Nc3 cxd4 7. Nxd4 Bb4 8.
Qd3 Nxd4 9. exd4 Ne4 10. Bd2 Nxd2 11. Kxd2 Qa5 12. Be2 Qc7 13. a3 Be7 14. Kd1
b6 15. Bf3 d5 16. Re1 Bb7 17. g3 Bg5 18. Nxd5 Qc8 19. Nc3 Ba6 20. Nb5 Qd7 21.
Bxa8 Bxb5 22. Qc3 O-O 23. Bf3 Rc8 24. Qb2 Bf6 25. c3 e5 26. d5 e4 27. Rxe4 Bxc3
28. Bg4 Qxd5+ 0-1

[Event "Johanneum Eppendorf-SAV Torgelow"]
[Site "Greifswald"]
[Date "2017.09.10"]
[Round "7.4"]
[White "Soppe, Moritz"]
[Black "Rosenhahn, Nico"]
[Result "0-1"]
[WhiteElo "1051"]
[BlackElo "1211"]
[PlyCount "112"]
[EventDate "2017.??.??"]
[WhiteTeam "Johanneum Eppendorf"]
[BlackTeam "SAV Torgelow"]

1. e4 e6 2. d4 d5 3. e5 c5 4. c3 Qb6 5. Nf3 Nc6 6. a3 Nh6 7. b4 cxd4 8. cxd4
Nf5 9. Bb2 a5 10. b5 Na7 11. a4 Bd7 12. Bd3 Bb4+ 13. Nbd2 Ne7 14. O-O O-O 15.
Ne1 f6 16. exf6 Rxf6 17. Ndf3 Bd6 18. Ba3 Be8 19. Bxd6 Qxd6 20. Ne5 Nf5 21.
Bxf5 Rxf5 22. f4 Nc8 23. Nc2 Ne7 24. Ne3 Rf8 25. g4 Ng6 26. Nxg6 Bxg6 27. f5
exf5 28. gxf5 Bxf5 29. Nxf5 Rxf5 30. Rxf5 Qg6+ 31. Kh1 Qxf5 32. Rc1 Rc8 33.
Rxc8+ Qxc8 34. Qb3 Qc4 35. Qe3 Qf1+ 36. Qg1 Qxg1+ 37. Kxg1 Kf7 38. Kf2 Kf6 39.
Kf3 Kf5 40. Ke3 b6 41. Kf3 g5 42. h3 h5 43. Ke3 g4 44. h4 g3 45. Kf3 g2 46.
Kxg2 Kg4 47. Kf2 Kxh4 48. Kf3 Kg5 49. Kg3 h4+ 50. Kh3 Kf4 51. Kxh4 Ke4 52. Kg3
Kxd4 53. Kf2 Kc3 54. Ke2 d4 55. Kd1 Kd3 56. Kc1 Ke2 0-1